000 00269 a2200097 4500
020 _a9789354826467
100 _aV. V. Haridas
245 _aMadhyakala Keralacharithram(മധ്യകാല കേരളചരിത്രം)
260 _bD C books
_c2025
942 _cOO
999 _c115360
_d115359